000 01212cab a22002055a 4500
001 L154466
008 131211e2011 xxk 000 0 eng d
035 _a(Sirsi) u154466
041 0 _aeng
100 1 _aStewart, Sarah
245 0 0 _aMarkets
_bSouth Wales
260 _c2011
490 0 _aProperty Week
_v77(49) 9 December 2011, 41-46(4)
520 _aIndustry-led Wales Planning Consultants Forum created this month aims to change attitudes towards planning in Wales and to assist development. Looks at asset managers' strategies in the battle to maintain Welsh shopping centres' competitiveness: St David's Cardiff; Capitol Shopping Centre, Cardiff; Cwmbran Shopping Centre; and Kingsway, Newport. Stoford combines with German fund manager Union Investment to provide £60m for Admiral's new Cardiff HQ, the largest ever prelet office in Wales. South Wales property developer JR Smart starts second speculative property, 77 000sq ft Capital Quarter in Cardiff, to be completed in 2014.
590 _aKA
651 4 _aSouth Wales
690 _aPROPERTY-COMMERCIAL PROPERTY-COMMERCIAL PROPERTY MARKET
690 _aPROPERTY-COMMERCIAL PROPERTY-COMMERCIAL PROPERTY FINANCE AND INVESTMENT
942 _n0
999 _c83634
_d83634